The autobiography of Bertrand Rusell
Guardat en:
| Autor principal: | |
|---|---|
| Format: | Llibre |
| Idioma: | Undetermined |
| Publicat: |
Estados Unidos
Bantam Book
1969
|
| Matèries: | |
| Etiquetes: |
Afegir etiqueta
Sense etiquetes, Sigues el primer a etiquetar aquest registre!
|
MARC
| LEADER | 00000nam a2200000Ia 4500 | ||
|---|---|---|---|
| 008 | 170316s9999 xx 000 0 und d | ||
| 090 | |a B-810 R-2a | ||
| 100 | |a Rusell, Bertrand | ||
| 245 | 4 | |a The autobiography of Bertrand Rusell | |
| 260 | |a Estados Unidos | ||
| 260 | |b Bantam Book | ||
| 260 | |c 1969 | ||
| 300 | |a 404 páginas | ||
| 650 | |a LITERATURA ESTADOUNIDENSE | ||
| 650 | |a BIOGRAFÍA | ||
| 999 | |c 28055 |d 28055 | ||
| 040 | |a cru BVZT | ||
| 942 | |c 15 D |h B-810 R-2a |2 z | ||
